| 000 | 00718nam a22002177a 4500 | ||
|---|---|---|---|
| 003 | OSt | ||
| 005 | 20250901014016.0 | ||
| 008 | 250901b |||||||| |||| 00| 0 eng d | ||
| 020 | _a978-981-48-9671-9 | ||
| 040 |
_aDWC-Main Lib _cOC |
||
| 082 | _aCirc. 519.502 G776 2020 | ||
| 100 | _aGravetter, Frederick J. | ||
| 245 |
_aEssentials of statistics for the behavioral sciences/ _cFrederick J. Gravetter |
||
| 250 | _aNinth edition | ||
| 260 |
_aSingapore : _bCengage learning Asia , _cc2020. |
||
| 300 |
_axvii, 589 pages : _billustrations ; _c26cm. |
||
| 504 | _aIncludes bibliographical references. | ||
| 650 | _a1. Psychometrics. | ||
| 650 | _a2. Statistics. | ||
| 942 |
_2ddc _cBK-CIRC _eNinth edition _kCirc. _n0 |
||
| 999 |
_c4413 _d4413 |
||